Countries Whose Population Grew Fastest in 2017 (with exceptions) - Statistics

General Stats
  • This quiz has been taken 34 times
  • The average score is 10 of 21
Answer Stats
pop % gain country % Correct
197 m 2.0 Pakistan
80%
4.6 m 4.8 Oman
77%
2.6 m 2.7 Qatar
77%
38.3 m 2.9 Iraq
73%
32.9 m 2.1 Saudi Arabia
73%
28.3 m 2.4 Yemen
73%
9.7 m 2.6 Jordan
67%
1.5 m 4.7 Bahrain
63%
4.1 m 2.1 Kuwait
63%
35.5 m 2.5 Afghanistan
53%
8.3 m 2.1 Papua New Guinea
40%
1.3 m 2.2 Timor-Leste
37%
16.9 m 2.0 Guatemala
33%
4.9 m 2.7 Palestine
33%
9.3 m 1.7 Honduras
30%
0.6 m 2.0 Solomon Islands
27%
8.9 m 2.1 Tajikistan
27%
5.8 m 1.7 Turkmenistan
27%
0.4 m 2.1 Belize
23%
0.1 m 1.8 Kiribati
20%
0.3 m 2.2 Vanuatu
17%
No matching quizzes found
Score Distribution
Percent of People with Each Score
Percentile by Number Answered
Your Score History
You have not taken this quiz